Finish the Lyrics - Kung Fu Fighting - Statistics

General Stats
  • This quiz has been taken 85 times
  • The average score is 28 of 53
Answer Stats
Hint Answer % Correct
Everybody was Kung Fu ________ fighting
100%
Everybody was Kung Fu ________ (huh!) fighting
100%
Everybody was Kung Fu ________ (huh!) fighting
100%
Everybody was Kung Fu ________ (huh!) fighting
100%
Kung Fu ________ fighting
100%
Everybody was Kung Fu ________ fighting
100%
Those cats were fast as _________ lightning
96%
Those cats were fast as _________ lightning
96%
Those cats were fast as _________ (ha!) lightning
96%
Those cats were fast as _________ (ha!) lightning
96%
Hands and feet fast as _________ lightning
96%
Hands and feet fast as _________ lightning
96%
In fact, it was a little bit ___________ frightening
82%
In fact, it was a little bit ___________ (hey, yeah) frightening
82%
In fact, it was a little bit ___________ (huh!) frightening
82%
In fact, it was a little bit ___________ (huh!) frightening
82%
But they fought with expert ______ timing
56%
But they fought with expert ______ timing
56%
But they did it with expert ______ (ha!) timing
56%
Make sure you have expert ______, oh (ha!) timing
56%
They were chopping them ____ down
49%
They were chopping them __ up
44%
It's an ancient Chinese ___ art
41%
And everybody knew their ____ part
40%
There were _____ China men from _____ Chinatown funky
38%
There was _____ Billy Chin, funky
38%
Oh-__-__-__ ho
38%
Oh-__-__-__ ho
38%
Oh-__-__-__ ho
38%
Oh-__-__-__ ho
38%
(Oh-__-__-__) ha! ho
38%
(Oh-__-__-__) ha! ho
38%
(Oh-__-__-__) ha! ho
38%
(Oh-__-__-__, ha) ho
38%
(Oh-__-__-__) ho
38%
(Oh-__-__-__) huh! Ha! ho
38%
(Oh-__-__-__) huh! Ha! ho
38%
(Oh-__-__-__) huh! ho
38%
(Oh-__-__-__) huh! ho
38%
(Oh-__-__-__) ho
38%
And a kicking from the ___ hip
36%
And ______ Sammy Chung little
25%
He said, "Here comes the big ____, let's get it on" boss
22%
From a feint into a ____ slip
22%
Started swaying with the ____ hand
21%
We took a bow and made a _____ stand
21%
Now we're into a brand-new ____ trip
18%
A sudden motion made me ____ skip
16%
____ on, ____ on, ____ on, ____ on keep
15%
____ on, ____ on, ____ on (ha!) keep
15%
Oh, ____ yeah
14%
____, ____ (ha!) yeah
14%
Sure ______ enough
10%
No matching quizzes found
Score Distribution
Percent of People with Each Score
Percentile by Number Answered
Your Score History
You have not taken this quiz